Experimental design and analysis for Psychology (Record no. 153511)

MARC details
000 -LEADER
fixed length control field 00378nam a2200145Ia 4500
008 - FIXED-LENGTH DATA ELEMENTS--GENERAL INFORMATION
fixed length control field 230917s9999||||xx |||||||||||||| ||und||
040 ## - CATALOGING SOURCE
-- 144678
Original cataloging agency VIVEKANANDA LIBRARY
041 ## - Language
-- English
082 ## - DDC NUMBER
Classification number 150 A32E
100 ## - MAIN ENTRY--PERSONAL NAME
Personal name Abdi, Herve
245 #0 - TITLE STATEMENT
Title Experimental design and analysis for Psychology
260 ## - PUBLICATION, DISTRIBUTION, ETC. (IMPRINT)
Place of publication, distribution, etc New York
Name of publisher, distributor, etc Oxford University Press
Date of publication, distribution, etc 2009
300 ## - PHYSICAL DESCRIPTION
Pages 538 p.
942 ## - ADDED ENTRY ELEMENTS (KOHA)
Koha item type Books
Holdings
Withdrawn status Lost status Damaged status Not for loan Location (home branch) Sublocation or collection (holding branch) Shelving location Date acquired Koha issues (times borrowed) Koha full call number Accession No. Koha date last seen Koha item type
        VIVEKANANDA LIBRARY VIVEKANANDA LIBRARY IHTM Library 05/12/2010   150 A32E 278423 17/09/2023 Books
        VIVEKANANDA LIBRARY VIVEKANANDA LIBRARY   05/12/2010   150 A32E 280547 17/09/2023 Books
© Designed and Maintained by Vivekananda Library, MDU Rohtak